Leopold Eidlitz: architecture and idealism inthe gilded age (Record no. 66965)

MARC details
000 -LEADER
fixed length control field 00285nam a22001097a 4500
005 - DATE AND TIME OF LATEST TRANSACTION
control field 20251013094006.0
008 - FIXED-LENGTH DATA ELEMENTS--GENERAL INFORMATION
fixed length control field 251013b |||||||| |||| 00| 0 eng d
040 ## - CATALOGING SOURCE
Transcribing agency PK-LaNCA
082 ## - DEWEY DECIMAL CLASSIFICATION NUMBER
Classification number 721
Item number LEO
245 ## - TITLE STATEMENT
Title Leopold Eidlitz: architecture and idealism inthe gilded age
942 ## - ADDED ENTRY ELEMENTS (KOHA)
Koha item type Book
999 ## -
-- 66965
-- 66965
Holdings
Withdrawn status Weedout from Library Permanent Location Current Location Date acquired Full call number Barcode Price effective from Koha item type
    NATIONAL COLLEGE OF ARTS, RAWALPINDI CAMPUS - LIBRARY NATIONAL COLLEGE OF ARTS, RAWALPINDI CAMPUS - LIBRARY 13/10/2025 LEO 721 RP00747475 RP007475 13/10/2025 Book